Družstevný zpravodaj

Bibliographic Details
Other Authors: Dubinský, Ján (Publishing director), Babylonský, Vladimír (Publishing director)
Format: Journal
Language:Slovak
PhysicalDescription:11 zv. 33 cm
Published: Prešov Roľnícke družstvo 1929-1939
Prešov Roľnícke skladištné družstvo
ISSN:1337-348X
Subjects:

MARC

LEADER 00000cas a2200000 a 4500
001 vtls010300052
003 SK-MaSNL
005 20260228162444.0
008 200401d19291939xo mr|p 0 b0slo
022 |a 1337-348X 
040 |a SNK  |b slo  |c SNK  |e AACR2 
041 0 |a slo 
044 |a xo  |c SK 
072 7 |a 63  |x Poľnohospodárstvo a príbuzné oblasti vedy a techniky  |2 konspekt 
072 7 |a 636  |x Chov zvierat. Živočíšna výroba  |2 konspekt 
072 7 |a 634  |x Ovocinárstvo  |2 konspekt 
080 |a 636.03  |2 2001 
080 |a 634.1  |2 2001 
080 |a 633.1  |2 2001 
080 |a 050  |2 2001 
080 |a 349.422.2  |2 2001 
210 0 |a Družst. zprav. 
222 0 |a Družstevný zpravodaj 
245 0 0 |a Družstevný zpravodaj 
260 |a Prešov  |b Roľnícke družstvo  |c 1929-1939 
260 3 |3 5/1937-1939  |a Prešov  |b Roľnícke skladištné družstvo 
300 |a 11 zv.  |c 33 cm 
310 |a 1x mesačne  |b 2/1931-1939 
321 |a 4x ročne  |b 1929-1/1931 
362 0 |a Roč. I, č. 1 (1929)-roč. XI, č. 1 (1939) 
500 |a Zodp. red.: 1929-1934, Ján Dubinský ; 1/1935-4/1937, Vladimír Babylonský ; 5/1937-1939, Ján Dubinský 
500 |a Informácie o časopise pochádzajú z databázy Národnej agentúry ISSN 
650 0 7 |a družstevníctvo  |2 SNKPH  |9 2134 
650 0 7 |a hospodárstvo  |2 SNKPH  |9 14275 
650 0 7 |a chov zvierat  |2 SNKPH  |9 2803 
650 0 7 |a ovocinárstvo  |2 SNKPH  |9 16370 
650 0 7 |a obilniny  |2 SNKPH  |9 19007 
655 7 |a záujmové časopisy  |2 SNKPH  |9 70804 
700 1 |a Dubinský, Ján  |4 pbd  |9 271118 
700 1 |a Babylonský, Vladimír  |4 pbd  |9 269798 
910 |a snk 
916 |a 1932-1939 
999 |c 7905  |d 9835 
952 |0 0  |1 0  |4 0  |7 0  |8 5  |a SNK  |b SNK  |d 2014-10-17  |f 1  |i snkXI. 3890/55  |l 0  |o snkČSB 186/7/1935  |p 17A0712511  |r 2026-02-21 19:44:50  |t č. 1-11, neúpl  |w 2026-02-21  |y PREZ  |z chýba č. 10 
952 |0 0  |1 0  |4 0  |7 0  |a SNK  |b SNK  |d 2014-10-17  |f 1  |i snk847/39  |l 0  |o snkČSB 186/8/1936  |p 17A0712512  |r 2026-02-21 19:44:50  |t č. 1-12  |w 2026-02-21  |y PREZ 
952 |0 0  |1 0  |4 0  |7 0  |8 5  |a SNK  |b SNK  |d 2014-10-17  |f 1  |i snkXI. 3889/55  |l 0  |o snkČSB 186/9/1937  |p 17A0712513  |r 2026-02-21 19:44:50  |t č. 1-11  |w 2026-02-21  |y PREZ 
952 |0 0  |1 0  |4 0  |7 0  |8 5  |a SNK  |b SNK  |d 2014-10-17  |f 1  |i snkXI. 3888/55  |l 0  |o snkČSB 186/11/1939  |p 17A0712514  |r 2026-02-21 19:44:50  |t č. 1  |w 2026-02-21  |y PREZ 
952 |0 0  |1 0  |4 0  |7 0  |a SNK  |b SNK  |d 2003-03-25  |f 1  |i snk2113/33  |l 0  |o snkČSB 186/4/1932  |p 17A0379200  |r 2005-01-02 00:00:00  |t č. 1-12  |w 2026-02-21  |y PREZ 
952 |0 0  |1 0  |4 0  |7 0  |a SNK  |b SNK  |d 2003-03-25  |f 1  |i snk3599/34  |l 0  |o snkČSB 186/5/1933  |p 17A0379291  |r 2005-01-02 00:00:00  |t č. 1-11  |w 2026-02-21  |y PREZ 
952 |0 0  |1 0  |4 0  |7 0  |a SNK  |b SNK  |d 2003-03-25  |f 1  |i snk824/39  |l 0  |o snkČSB 186/10/1938  |p 17A0379201  |r 2005-01-02 00:00:00  |t č. 1-8  |w 2026-02-21  |y PREZ 
952 |0 0  |1 0  |4 0  |7 0  |a SNK  |b SNK  |d 2003-03-25  |f 1  |i snk1571/35  |l 0  |o snkČSB 186/6/1934  |p 17A0379237  |r 2005-01-02 00:00:00  |t č. 1-13  |w 2026-02-21  |y PREZ